Geography Quiz

Random Geography or City Quiz

Top US Cities by 'N' States Quiz Stats

 Plays Quiz Updated Oct 4, 2016

Challenge
Share
Tweet
Embed
Score 0/28 Timer 06:00
0 Plays Today
Rank City % Correct
1New York City, NY
97.7%
3Las Vegas, NV
79.3%
12Buffalo, NY
79.1%
6Raleigh, NC
77.2%
2Charlotte, NC
73.5%
4Albuquerque, NM
71.2%
8Newark, NJ
71%
5Omaha, NE
70.5%
10Lincoln, NE
69.8%
15Reno, NV
68.4%
22Syracuse, NY
62.5%
17Rochester, NY
60.5%
11Jersey City, NJ
57.1%
13Durham, NC
56.6%
Rank City % Correct
24Fargo, ND
55.1%
19Yonkers, NY
45%
7Greensboro, NC
44.1%
26Manchester, NH
39.3%
14Winston-Salem, NC
38.6%
9Henderson, NV
38.4%
16North Las Vegas, NV
34%
25Wilmington, NC
30.1%
23Elizabeth, NJ
27.3%
28Las Cruces, NM
25.9%
21Paterson, NJ
24.6%
18Fayetteville, NC
22.5%
20Cary, NC
17.5%
27High Point, NC
12.8%

You're not logged in!

Compare scores with friends on all Sporcle quizzes.
OR
Log In

You Might Also Like...

Show Comments

Extras

Top Quizzes Today


Score Distribution

Your Account Isn't Verified!

In order to create a playlist on Sporcle, you need to verify the email address you used during registration. Go to your Sporcle Settings to finish the process.

Report this User

Report this user for behavior that violates our Community Guidelines.

Details: